Linh kiện quang điện tử /

LED-Diôt phát sáng; Mặt chỉ thị tinh thể lỏng̣̣; LED hồng ngoại; Photodiôt; Tế bào quang điện và pin mặt trời; Phototansistor, photo-JFET và photothyristor; Bộ ghép quang-Opto-Couplers; Công tắc ánh sáng...

שמור ב:
מידע ביבליוגרפי
מחבר ראשי: Dương Minh Trí.
פורמט: ספר
שפה:Vietnamese
יצא לאור: Hà Nội : Khoa học và kỹ thuật, 1998.
מהדורה:Xuất bản lần 2.
נושאים:
תגים: הוספת תג
אין תגיות, היה/י הראשונ/ה לתייג את הרשומה!
Thư viện lưu trữ: Mạng thư viện Đại học Đà Nẵng
LEADER 01418cam a2200385 a 4500
001 000047029
003 6552
005 20061213114622.0
008 010306b1998 vm 000 vie
020 |c 38000 
022 |a T 
040 |a LIRC  |c LIRC  |d LIRC 
041 0 |a vie 
082 1 4 |a 621.36  |b DƯ-T 
100 1 |a Dương Minh Trí. 
245 1 0 |a Linh kiện quang điện tử /  |c Dương Minh Trí. 
250 |a Xuất bản lần 2. 
260 |a Hà Nội :  |b Khoa học và kỹ thuật,  |c 1998. 
300 |a 503 tr. ;  |c 21 cm. 
520 3 |a LED-Diôt phát sáng; Mặt chỉ thị tinh thể lỏng̣̣; LED hồng ngoại; Photodiôt; Tế bào quang điện và pin mặt trời; Phototansistor, photo-JFET và photothyristor; Bộ ghép quang-Opto-Couplers; Công tắc ánh sáng... 
630 0 4 |a Quang điện tử. 
630 0 4 |a Linh kiện. 
650 0 4 |a Quang điện tử  |x Thiết bị. 
OWN |a DUT 
AVA |a UDN50  |b DUT  |c Book  |d 621.36 DƯ-T  |e available  |t Error 5001 Not defined in file expand_doc_bib_avail.  |f 2  |g 0  |h N  |i 0  |j SH  |k 1 
999 |a From the UDN01 
AVA |a UDN50  |b DUT  |c Book  |d 621.36 DƯ-T  |e available  |t Error 5001 Not defined in file expand_doc_bib_avail.  |f 2  |g 0  |h N  |i 0  |j SH  |k 1 
TYP |a Monograph 
TYP |a Printed language 
980 |a Mạng thư viện Đại học Đà Nẵng